00000000nam##2200000za#4500
0019.617367
003CaOODSP
00520210615102130
007ta
008150406|2004||||xxc|||||     f|0| 0 eng|d
022 |a0706-6457
040 |aCaOODSP|beng
043 |an-cn---
0861 |aFs97-6/2566E
1101 |aCanada. |bDepartment of Fisheries and Oceans.
24512|aA visual survey of inshore rockfish abundance and habitat in southern Strait of Georgia using a shallow-water towed video system / |cby J.C Martin and K.L. Yamanaka.
260 |aNanaimo - British Columbia : |bFisheries and Oceans Canada |c2004.
300 |aix, 52p. : |bfigs. (some coloured), illus., maps, references, tables ; |c28 cm.
4901 |aCanadian technical report of fisheries and aquatic sciences|x0706-6457|v2566
500 |a"Fisheries and Oceans Canada, Pacific Region, Pacific Biological Station, Nanaimo, British Columbia, V9T 6N7".
5203 |aThis report is part of a series containing scientific and technical information that widens existing scientific knowledge but is not considered appropriate for publication in the primary literature. The research covers such subjects as ecosystem models, methods for enhancing aquaculture, commercial fishing equipment, and environmental threats to aquatic quality and fisheries resources. Includes tables, graphs, and charts.
546 |a(Résumé en français.)
563 |aSoftcover
590 |a05-22|b2005-06-03
69007|aFish|2gcpds
69007|aScientific research|2gcpds
7201 |aYamanaka, K.
7201 |aMartin, J.C
7760#|tA visual survey of inshore rockfish abundance and habitat in the southern Strait of Georgia using a shallow-water towed video system / |w(CaOODSP)9.574157
830#0|aCanadian technical report of fisheries and aquatic sciences,|x0706-6457|v2566|w(CaOODSP)9.514691